000
00268nam a2200109Ia 4500
008
220214s9999 xx 000 0 und d
100
_a
menon Radha
245
0
_a
Ceriospora Arecae Menon sp. novo. Part 1.
260
_b
Arecanut Journal
300
_a
8-Jan
942
_c
RE
999
_c
46200
_d
46200